000 00708nam a2200265Ia 4500
005 20260121170544.0
008 008 260114s9999 xx 000 0 eng d
020 _a9783319788937
037 _aEBOOK
040 _aCRL
040 _beng
040 _cCRL
041 _2eng
041 _aeng
084 _qCRL
100 _aTamás Kiss, István Gerg? Székely, Tibor Toró, Nándor Bárdi, István Horváth
_91065332
245 0 _aUnequal Accommodation of Minority Rights
260 _bSpringer
260 _bSpringer
260 _c2018
856 _uhttps://link.springer.com/openurl?genre=book&isbn=978-3-319-78893-7
942 _cEBOOK
999 _c1631062
_d1631062